01438cam a2200349 a 4500001001400000003000800014005001700022006001900039007001500058008004100073020003800114040003000152049002600182050002200208082001600230100002900246245009000275260003600365300003600401504005100437520025500488521001700743588004700760650002500807650002800832655002900860710001600889776003500905856011300940942001601053999001901069EDZ0000067540StDuBDS20161031105117.0m||||||||d||||||||cr |||||||||||120405s2004 enk fo| 001|0|eng d a9781446215081 (ebook) :cNo price aStDuBDSbengcStDuBDSepn aAlfaisal Main Library 0aLB1072b.W43 200404a370.1532231 aWeare, Katherine,d1950-10aDeveloping the emotionally literate schoolh[electronic resource] /cKatherine Weare. aLondon :bPaul Chapman,cc2004. a1 online resource (xii, 222 p.) aIncludes bibliographical references and index.8 aA practical and up-to-date account of ways in which schools can use emotional literacy to realise their goals of school improvement and effectiveness, increased learning, more efficient management of teaching and learning, and improved relationships. aSpecialized. aDescription based on print version record. 0aAffective education. 0aEmotional intelligence. 7aElectronic books.2local2 aSage eBooks08iPrint version :z978076194086940uhttp://ezproxy.alfaisal.edu/login?url=http://sk.sagepub.com/books/developing-the-emotionally-literate-school 2lcccEBOOKS c479504d479504